00680nam a2200241 a 4500001001300000003000900013005001700022008004100039020001000080082001500090100002200105245003400127260003500161300000900196500003500205505001000240650002100250700002200271902000800293942000700301952011500308999001500423nice12345678IN_TiNIC20260116012119.0050524s0000 newa grp 000 0 eng  ac10000a287.5bMCE aMcelreath, Walter aMethodist Union in the Courts aNew YorkbAbingdon Pressc0000 a318p aincludes index and biblioraphy2 aIndex aMethodist Church1 aMcelreath, Walter bSRS cBK 001040708StackRoom-aHMIbHMId2007-07-19g100.00l0o287.5 MCEp08547r2007-07-19v100.00w2005-05-24yBK c5699d5699